| 000 | 01167nam a2200325 i 4500 | ||
|---|---|---|---|
| 003 | EG-GICUC | ||
| 005 | 20260208164710.0 | ||
| 008 | 260208s1956 fr ||fr|||| 001 0 fre d | ||
| 040 |
_aEG-GiCUC _bfre _cEG-GiCUC _dEG-GiCUC _eRda |
||
| 041 | 0 | _afre | |
| 082 | 0 | 4 |
_221 _a341.81 _bBO . D |
| 092 | 0 | 4 | _221 |
| 099 | _aLaw1 12 341.81 BO . D 1956 | ||
| 100 | 1 |
_aHolleaux, Dominique _eAuteur |
|
| 245 | 1 | 4 |
_aDroit Français De La Nationalite : _bLes Textesla - La Jurisprudence Les Regles Administratives / _cRaymond Boulbës; Avec Le Collaboration De Paul Aymond; Préface De Jacques Maury. |
| 264 | 3 |
_aParis : _bSirey, _c1956. |
|
| 300 |
_a598 page, _c24 cm. |
||
| 336 |
_2rda contenu _a texte |
||
| 337 |
_2rda medias _aOrdinateur |
||
| 338 |
_2 transporteur rda _a Ressource en ligne |
||
| 504 | _aComprend des références bibliographiques et un index. | ||
| 546 | _aTexte en français | ||
| 650 | 1 | 4 |
_aDroit international privé _2 |
| 651 | 1 | _2 | |
| 700 | 1 |
_aMaury, Jacques _ePréfacier |
|
| 700 | 1 |
_aAymond, e Paul _eContributeur |
|
| 856 | 4 | 0 | _uhttps://fll.law.cu.edu.eg/fulltext/bks/B12-02423.pdf |
| 905 | _a48 | ||
| 942 |
_2ddc _cBK _e21 _n0 |
||
| 999 |
_c61689 _d61689 |
||